Digital compression for multimedia : principles and standards (Record no. 150095)

MARC details
000 -LEADER
fixed length control field 00747nam a2200229Ia 4500
008 - FIXED-LENGTH DATA ELEMENTS--GENERAL INFORMATION
fixed length control field 191130s1998##################000#0#eng##
020 ## - INTERNATIONAL STANDARD BOOK NUMBER
ISBN 9781558603691
082 ## - DEWEY DECIMAL CLASSIFICATION NUMBER
Classification number 006.7 GIB
100 ## - MAIN ENTRY--AUTHOR NAME
Personal name Gibson, Jerry D
245 ## - TITLE STATEMENT
Title Digital compression for multimedia : principles and standards
Statement of responsibility, etc Jerry D. Gibson ... [et al.]
260 ## - PUBLICATION, DISTRIBUTION, ETC. (IMPRINT)
Place of publication San Francisco, Calif
Name of publisher Morgan Kaufmann Publishers
Year of publication c1998
300 ## - PHYSICAL DESCRIPTION
Number of Pages xvii, 476 p. : ill. ; 25 cm
500 ## - GENERAL NOTE
General note Includes bibliographical references (p. [437]-446) and index
650 ## - SUBJECT ADDED ENTRY--TOPICAL TERM
Topical Term Image compression
Topical Term Multimedia systems
Topical Term Video compression
991 ## -
-- 432220
Holdings
Withdrawn status Lost status Damaged status Not for loan Home library Current library Shelving location Date acquired Full call number Accession Number Price effective from Koha item type
        Anna Centenary Library Anna Centenary Library 3RD FLOOR, A WING 12.10.2020 006.7 GIB 351124 12.10.2020 English Books

Find us on the map